The Scarlet letter

Guardat en:
Dades bibliogràfiques
Autor principal: Hawthorne, Nathaniel (Autor)
Format: Llibre
Idioma:anglès
Publicat: Londres J. M. Dent 1945
Matèries:
Etiquetes: Afegir etiqueta
Sense etiquetes, Sigues el primer a etiquetar aquest registre!

MARC

LEADER 00000nam a2200000 a 4500
001 UCR3801
003 CL-VaPUC
008 980130e19450000UK |||||||||||||||||eng|d
082 0 4 |a 813  |b HAW  |2 21 
100 0 |a Hawthorne, Nathaniel  |e author  |9 371935 
245 1 4 |a The Scarlet letter 
300 |a 318 p 
942 |c BK 
945 |d 19980130 00:00:00  |a aolguin 
260 |a Londres  |b J. M. Dent  |c 1945 
650 0 |a Novelas estadounidenses  |9 265217 
650 7 |a LITERATURA NORTEAMERICANA  |2 CL-VaPUC  |9 403088 
583 |a last modification  |c 19980130 00:00:00  |k Rodrigo Vera 
999 |c 266824  |d 266822 
952 |0 0  |1 0  |4 0  |6 813_000000000000000_HAW_1945  |7 0  |8 R  |9 298816  |a BIBEDU  |b BIBEDU  |c MCIRC  |d 2019-11-20  |i 1944541  |o 813 HAW 1945  |p 1944541  |r 2023-01-13  |w 2019-11-20  |y BK_R  |k LIT